000 00267nam a2200109Ia 4500
008 201216s9999 xx 000 0 und d
100 _aMuckleroy, Keith
245 0 _aMarine Archaeology
260 _aCambridge
_bCambridge University Press
300 _a270
942 _cBK
999 _c6796
_d6796